[Event "Kuala Lumpur UM KPT op"]
[Site "Kuala Lumpur"]
[Date "2016.12.17"]
[Round "5"]
[White "Darawin, Zaindra Mahazam Sha"]
[Black "Mohd Zin, Mohd Syazwan"]
[Result "1-0"]
[WhiteElo "1661"]
[BlackElo "1672"]
[PlyCount "82"]
[EventDate "2016.12.16"]
[EventType "swiss"]
[EventRounds "9"]
[EventCountry "MAS"]
[SourceTitle "CBM 176 Extra"]
[Source "ChessBase"]
[SourceDate "2017.03.02"]
[SourceVersion "1"]
[SourceVersionDate "2017.03.02"]
[SourceQuality "1"]

1. e4 c6 2. Nf3 d5 3. exd5 cxd5 4. d4 Nf6 5. Bd3 Nc6 6. c3 Bg4 7. Bg5 e6 8. Nbd2 Be7 9. 0-0 Rc8 10. Re1 0-0 11. a3 Nh5 12. Bxe7 Nxe7 13. Bxh7+ Kh8 14. Bd3 Nf4 15. Nf1 g6 16. Qd2 Qc7 17. Ne5 Bf5 18. Qxf4 Kg7 19. Bxf5 Nxf5 20. Nd3 Qxf4 21. Nxf4 Rh8 22. Ng3 Nh4 23. Re5 Rh7 24. Rae1 Rch8 25. h3 Kf6 26. Nxd5+ exd5 27. Rxd5 Rh5 28. Nxh5+ Rxh5 29. Rxh5 gxh5 30. Re5 Nf5 31. Rxf5+ Kxf5 32. f3 b5 33. Kf2 Ke6 34. Kg3 a5 35. Kh4 Kd5 36. Kxh5 Kc4 37. Kg5 Kb3 38. d5 Kxb2 39. d6 Kxa3 40. d7 Kb3 41. d8Q a4 1-0

[Event "Kuala Lumpur UM KPT op"]
[Site "Kuala Lumpur"]
[Date "2016.12.17"]
[Round "4"]
[White "Tee, Han Kang"]
[Black "Darawin, Zaindra Mahazam Sha"]
[Result "0-1"]
[WhiteElo "1559"]
[BlackElo "1661"]
[PlyCount "114"]
[EventDate "2016.12.16"]
[EventType "swiss"]
[EventRounds "9"]
[EventCountry "MAS"]
[SourceTitle "CBM 176 Extra"]
[Source "ChessBase"]
[SourceDate "2017.03.02"]
[SourceVersion "1"]
[SourceVersionDate "2017.03.02"]
[SourceQuality "1"]

1. e4 d6 2. d4 Nf6 3. Nc3 g6 4. f4 Bg7 5. Nf3 c5 6. e5 Nfd7 7. exd6 exd6 8. Nb5 0-0 9. Be2 Qb6 10. c3 a6 11. dxc5 dxc5 12. Nd6 Nf6 13. Nc4 Qc7 14. 0-0 Be6 15. Nce5 Nbd7 16. Qe1 Rfe8 17. Qh4 Rad8 18. Bc4 Bxc4 19. Nxc4 Nh5 20. f5 b5 21. fxg6 hxg6 22. Ne3 c4 23. Kh1 Qc5 24. Ng4 Ne5 25. Nfxe5 Bxe5 26. Nxe5 Qxe5 27. Bg5 Rc8 28. Rae1 Qd5 29. Rxe8+ Rxe8 30. Qf2 Qe6 31. Bh4 Ng7 32. h3 Nf5 33. Bg5 Qe2 34. Kg1 Qxf2+ 35. Rxf2 Re1+ 36. Kh2 Kg7 37. g4 Nd6 38. Bh4 Re3 39. Kg2 Ne4 40. Rc2 g5 41. Bf2 Nxf2 42. Rxf2 Rd3 43. Rf3 Rd2+ 44. Rf2 Rd5 45. Kg3 Kg6 46. h4 Rd3+ 47. Rf3 gxh4+ 48. Kg2 Rxf3 49. Kxf3 Kg5 50. b3 a5 51. bxc4 bxc4 52. a3 h3 53. Kg3 h2 54. Kxh2 Kxg4 55. Kg2 Kf4 56. Kf2 Ke4 57. Ke2 a4 0-1